Śladami "Hubalczyków" /

Saved in:
Bibliografiske detaljer
Hovedforfatter: Derecki, Mirosław (1936-1998)
Institution som forfatter: Wydawnictwo Lubelskie
Format: Bog
Sprog:polsk
Udgivet: Lublin : Wydawnictwo Lubelskie, 1971.
Serier:Miniatury (Wydawnictwo Lubelskie)
Fag:
Tags: Tilføj Tag
Ingen Tags, Vær først til at tagge denne postø!

MARC

LEADER 00000nam a2200000 i 4500
001 991039041379705066
005 20260515140228.0
008 071218s1971 pl a |000 0 pol
035 |a 991039041379705066 
035 |a (PL-WaBN)b20445829-48omnis_nlop 
035 |a b20445829 
035 |a (OCoLC)831235288 
035 |a zz2003912294 
035 |a (PL)b0000002044582 
035 |a (EXLNZ-48OMNIS_NETWORK)9910220858005606 
040 |a WA N  |c WA N 
080 |a 943.8:323.2(438):355.48(438:430) 
090 |c 128  |d 127 
100 1 |a Derecki, Mirosław  |d (1936-1998) 
245 1 0 |a Śladami "Hubalczyków" /  |c Mirosław Derecki. 
260 |a Lublin :  |b Wydawnictwo Lubelskie,  |c 1971. 
300 |a 190, [2] s. :  |b il. ;  |c 18 cm. 
490 1 |a Miniatury 
600 1 7 |a Dobrzański, Henryk  |d (1897-1940) 
650 7 |a II wojna światowa (1939-1945) 
650 7 |a Wojna partyzancka 
651 7 |a Kielce (woj. świętokrzyskie ; okolice)  |y 1939-1945 r. 
651 7 |a Polska 
710 2 |a Wydawnictwo Lubelskie 
830 0 |a Miniatury (Wydawnictwo Lubelskie) 
942 |c K 
952 |0 0  |1 0  |4 0  |6 R__103_000000000000000  |7 0  |9 120  |a RYT  |b RYT  |d 2026-05-13  |e 1/2014  |g 10.00  |l 0  |o R.103  |p 2000000001036  |r 2026-05-15 14:02:28  |w 2026-05-15  |y BK  |z da 
999 |c 120  |d 120